| 000 | 01086nam a22002537a 4500 | ||
|---|---|---|---|
| 005 | 20170124102941.0 | ||
| 010 | _aB-030751 | ||
| 020 |
_c300.00 _a8185727805 |
||
| 035 | _aB-030751 | ||
| 037 | _bCen Lib/Ret | ||
| 040 |
_aDPL _bHN |
||
| 082 |
_a821.08 _bमिश्ररा |
||
| 100 |
_aमिश्ररा ,राजेंद्र _948350 |
||
| 245 |
_aकविता नए सन्दर्भ का विकास / _cराजेंद्र मिश्र |
||
| 246 |
_aKavita nai sandarbh ka vikas _bby Rajendra Mishar |
||
| 260 |
_aनई दिल्ली _bतक्षशीला प्रकाशन _c2000 |
||
| 270 |
_a23/4761, अंसारी रोड दरिया अगंज _bनई दिल्ली _e110002 |
||
| 300 |
_a128पृष्ठ. _c20सेमी (सजिल्द) |
||
| 650 |
_aनई कविता _948351 |
||
| 650 |
_aआधुनिक काव्य _9779 |
||
| 650 |
_aNew poetry _948352 |
||
| 650 |
_aModern Poetry _942922 |
||
| 942 |
_2ddc _cHN _h821.08 _mमिश्र रा |
||
| 999 |
_c112599 _d112599 |
||